000 00648nam a2200229Ia 4500
003 OSt
005 20220928115537.0
006 a|||||r|||| 00| 0
007 ta
008 220927b |||||||| |||| 00| 0 eng d
024 _a38109
037 _cReference Collections
040 _aSDCL
_cSDCL
_beng
041 _2eng
_aeng
082 _aX:4(Z)g, L5 RR
100 _aTobi
_9444860
245 0 _aTransport manager's lawyer and transport operator's leagal guide.
260 _aLondon
_bBusiness Book
_c1975
300 _axi,252p
_ccm.
942 _hX:4(Z)g, L5 RR
_cREF
_2CC
999 _c759888
_d759888